Pantheon Characters by Picture - Statistics

General Stats
  • This quiz has been taken 44 times
  • The average score is 11 of 16
Answer Stats
Picture Answer % Correct
Maddie Kim
98%
Caspian Keyes
93%
David Kim
93%
MIST
83%
Vinod Chanda
83%
Laurie Lowell
80%
Stephen Holstrom
80%
Ellen Kim
68%
Julius Pope
68%
Peter Waxman
66%
Renee
63%
Cary Duvall
61%
Cody Lowell
61%
Rachel Brooks
61%
David Kim Jr
46%
Justine
39%
No matching quizzes found
Score Distribution
Percent of People with Each Score
Percentile by Number Answered
Your Score History
You have not taken this quiz